Entry Personal Name
Number of records used in: 1
001 - CONTROL NUMBER
003 - CONTROL NUMBER IDENTIFIER
005 - DATE AND TIME OF LATEST TRANSACTION
- control field:
20180725130515.0
008 - FIXED-LENGTH DATA ELEMENTS
- fixed length control field:
180725|| aca||aabn | a|a d
040 ## - CATALOGING SOURCE
- Original cataloging agency:
OSt
- Transcribing agency:
OSt
100 ## - HEADING--PERSONAL NAME
- Personal name:
UDAI, PAREEK
670 ## - SOURCE DATA FOUND
- Source citation:
Work cat.: (OSt)842: UDAI, PAREEK, Understanding Organizational Behaviour, 2004